| 000 | 00485nam a2200193Ia 4500 | ||
|---|---|---|---|
| 005 | 20240823030707.0 | ||
| 008 | 240823s9999||||xx |||||||||||||| ||und|| | ||
| 020 | _a978-81-7319-864-9 | ||
| 041 | _aENGLISH | ||
| 082 | _A530.132 P9 | ||
| 100 | _aPalash B pal | ||
| 245 | 3 | _aAn Introductory Course of Ststistical Mechanics | |
| 250 | _a1st | ||
| 260 |
_c2009 _bNarosa Publishing House New |
||
| 500 | _aYES | ||
| 650 |
_aMechanics _bMechanical |
||
| 942 | _cBK | ||
| 999 |
_c189309 _d189309 |
||